00459nam a2200181 a 4500001001300000003000900013005001700022008004100039020001000080082001700090100002800107245001800135260003300153300000900186500003500195650001900230700002800249nice12345678IN_TiNIC20260116012001.0070618s1972 luca grp 000 0 ara  ac10000a492.75bNAD2 aNadvi, S Rahman Alazami aIim-Ul-tasrif aLucknow bNo Publisherc1972 a126p aincludes index and biblioraphy aArabic-Grammar1 aNadvi, S Rahman Alazami